书目信息 |
| 题名: |
Windows 98中文版教程
|
|
| 作者: | 杨明福 编著 | |
| 分册: | ||
| 出版信息: | 北京 高等教育出版社 1999.05 |
|
| 页数: | 321页 | |
| 开本: | 16开 | |
| 丛书名: | ||
| 单 册: | ||
| 中图分类: | TP316 | |
| 科图分类: | ||
| 主题词: | 软件 | |
| 电子资源: | ||
| ISBN: | 7-04-006940-7 | |
| 000 | 00566nam0 2200193 45 | |
| 001 | 0106290870 | |
| 005 | 20010629084515.5 | |
| 010 | @a7-04-006940-7@d28.00元 | |
| 100 | @a20010629d1999 km y0chiy0120 ea | |
| 101 | 0 | @achi |
| 105 | @a z 000yy | |
| 200 | 1 | @aWindows 98中文版教程@AWindows 98 Zhong Wen Ban Jiao Cheng@f杨明福等编著@FYang Ming Fu Deng Bian Zhu |
| 210 | @a北京@c高等教育出版社@d1999.05 | |
| 215 | @a321页@d16开 | |
| 606 | 0 | @a软件 |
| 690 | @aTP316@v3 | |
| 701 | 0 | @a杨明福@4编著 |
| 801 | @aCN@bPftUser@c20010629 | |
| 905 | @f5@b351505-509@dTP316@eY246 | |
| Windows 98中文版教程/杨明福等编著.-北京:高等教育出版社,1999.05 |
| 321页;16开 |
| ISBN 7-04-006940-7:28.00元 |
| ● |
| 相关链接 |
|
|
|
正题名:Windows 98中文版教程
索取号:TP316/Y246
 
预约/预借
| 序号 | 登录号 | 条形码 | 馆藏地/架位号 | 状态 | 备注 |
| 1 | 351505 | 203515053 | 自科库301/ [索取号:TP316/Y246] | 在馆 | |
| 2 | 351506 | 203515062 | 期刊室512/301自科库 51排4列4层/ [索取号:TP316/Y246] | 在馆 | |
| 3 | 351507 | 203515071 | 自科二线404/301自科库 51排4列4层/ [索取号:TP316/Y246] | 在馆 | |
| 4 | 351508 | 203515080 | 自科库301/ [索取号:TP316/Y246] | 在馆 | |
| 5 | 351509 | 203515099 | 期刊室512/301自科库 51排4列4层/ [索取号:TP316/Y246] | 在馆 |